| 000 | 00909nam a2200229 i 4500 | ||
|---|---|---|---|
| 001 | 35154 | ||
| 003 | ES-MaACL | ||
| 005 | 20250930063042.0 | ||
| 007 | t| | ||
| 008 | 030212s1946 mx ||||1| spa d | ||
| 100 | 1 |
_aBolívar, Simón, _d1783-1830 _929964 |
|
| 245 | 1 | 0 |
_aBolívar en México _b: 1799-1832 / _cSimón Bolívar ; compilación, prólogo y notas de Rafael Heliodoro Valle. |
| 260 |
_aMéxico : _b[s.n., _c1946] ( _fImprentas L.D.) |
||
| 300 |
_aXXIII, P. 28-141 p. ; _c24 cm. |
||
| 490 | 1 | _aPublicación de la Secretaría de Relaciones Exteriores | |
| 500 | _aPrecede al tít.: Archivo Histórico Diplomático Mexicano. | ||
| 700 | 1 |
_aValle, Rafael Heliodoro. _9112775 |
|
| 710 | 2 |
_aArchivo Histórico Diplomático Mexicano. _91445 |
|
| 830 | 0 |
_aPublicación de la Secretaría de Relaciones Exteriores _9229530 |
|
| 852 |
_aES-MaACL _jC-5555 _bR.26104 |
||
| 999 |
_c35154 _d35154 |
||